banner-ar

نيل الوطر من تراجم رجال اليمن فى القرن الثالث عشر / (Record no. 34999)

MARC details
000 -الفاتح
حقل البيانات ثابتة الطول 00748nam a2200193Ia 4500
008 - عناصر البيانات ثابتة الطول - معلومات عامة
حقل البيانات ثابتة الطول 140319s9999 xx 000 0 ara d
040 ## - مصدر الفهرسة
وكالة الفهرسة الأصلية GCL /
وكالة النسخ GCL
082 04 - رقم تصنيف ديوى العشرى
رقم التصنيف 920.71
رقم المادة ص ن
100 1# - المدخل الرئيسى - إسم شخصى
الإسم الشخصى مركز الدراسات والبحوث اليمنى(ا
245 10 - بيان العنوان
العنوان نيل الوطر من تراجم رجال اليمن فى القرن الثالث عشر /
بيان المسئوليه,etc مركز الدراسات والبحوث اليمنى(ا
700 1# - المدخل الاضافى - اسم شخصى
الإسم الشخصى الصنعانى، يحيى بن محمد بن عبدالله، 1114 - 1201 هـ
490 ## - بيان السلسلة
عنوان السلسلة
650 04 - المدخل الاضافى بالموضوع-مصطلح موضوعى
مصطلح موضوعي اليمن
650 04 - المدخل الاضافى بالموضوع-مصطلح موضوعى
مصطلح موضوعي التراجم
650 04 - المدخل الاضافى بالموضوع-مصطلح موضوعى
مصطلح موضوعي الحضارة الاسلامية
942 ## - عناصر المدخل الإضافي( كوها)
مصدر التصنيف او مخطط الترفيف Dewey Decimal Classification
Koha [default] item type كتاب
260 ## - PUBLICATION, DISTRIBUTION, ETC. (IMPRINT)
-- [S.N] :
-- مركز الدراسات والبحوث اليمنى
Holdings
حالة التراجع حالة الفقد حالة تلف ليس للاعارة المكان المؤقت الموقع الحالى تاريخ الاكتساب اجمالي اﻻعارات رقم الطلب الباركود تاريخ اخر مشاهدة تاريخ تفعيل السعر نوع وعاء كوها
        مكتبة القاهرة الكبرى مكتبة القاهرة الكبرى 03/26/2014   920.71\ص ن 84922 03/26/2014 03/26/2014 كتاب
        مكتبة القاهرة الكبرى مكتبة القاهرة الكبرى 03/26/2014   920.71\ص ن 84923 03/26/2014 03/26/2014 كتاب
        مكتبة القاهرة الكبرى مكتبة القاهرة الكبرى 03/26/2014   920.71\ص ن 84924 03/26/2014 03/26/2014 كتاب
        مكتبة القاهرة الكبرى مكتبة القاهرة الكبرى 03/26/2014   920.71\ص ن 84925 03/26/2014 03/26/2014 كتاب

Powered By

EGPV